| 000 | 00902nam a22002057a 4500 | ||
|---|---|---|---|
| 005 | 20250711115914.0 | ||
| 008 | 250711b |||||||| |||| 00| 0 eng d | ||
| 020 | _a81-8143-345-9(hbk) | ||
| 037 | _cTB | ||
| 040 |
_aCRL _cCRL |
||
| 084 |
_aO152,6M83:g P5;P8 _qCRL |
||
| 100 |
_aत्रिपाठी, राममूर्ति _9815357 |
||
| 245 | _aआचार्य रामचन्द्र शुक्ल: प्रस्थान और परम्परा | ||
| 260 |
_aनई दिल्ली, भारत: _bवाणी प्रकाशन, _c2008. |
||
| 300 | _a364पृ0 | ||
| 365 |
_b495.00 _cINR |
||
| 650 | _2 हिन्दी साहित्य | ||
| 942 |
_2CC _cTB _hO152,6M83:g P5;P8 _n0 |
||
| 999 |
_c1433572 _d1433572 |
||